<?xml version="1.0" encoding="UTF-8"?>
<marc:record xmlns:marc="http://www.loc.gov/MARC21/slim">
   <marc:leader>00000nam a2200000 a 4500</marc:leader>
   <marc:datafield ind1="1" ind2=" " tag="100">
      <marc:subfield code="a">Weber, Franz</marc:subfield>
      <marc:subfield code="4">ctb</marc:subfield>
      <marc:subfield code="e">Mitwirkende/-r</marc:subfield>
   </marc:datafield>
   <marc:datafield ind1="1" ind2=" " tag="100">
      <marc:subfield code="a">Fuchs, Ottmar</marc:subfield>
      <marc:subfield code="4">ctb</marc:subfield>
      <marc:subfield code="e">Mitwirkende/-r</marc:subfield>
   </marc:datafield>
   <marc:datafield ind1=" " ind2=" " tag="653">
      <marc:subfield code="a">Kirchengemeinde</marc:subfield>
   </marc:datafield>
   <marc:datafield ind1=" " ind2=" " tag="653">
      <marc:subfield code="a">Pastoraltheologie</marc:subfield>
   </marc:datafield>
   <marc:datafield ind1=" " ind2=" " tag="653">
      <marc:subfield code="a">Interkulturalität</marc:subfield>
   </marc:datafield>
   <marc:datafield ind1=" " ind2=" " tag="653">
      <marc:subfield code="a">Katholische Theologie</marc:subfield>
   </marc:datafield>
   <marc:datafield ind1=" " ind2=" " tag="653">
      <marc:subfield code="a">Basisgemeinde</marc:subfield>
   </marc:datafield>
   <marc:datafield ind1=" " ind2=" " tag="653">
      <marc:subfield code="a">Kleine christliche Gemeinschaft</marc:subfield>
   </marc:datafield>
   <marc:datafield ind1="0" ind2="0" tag="245">
      <marc:subfield code="a">Gemeindetheologie interkulturell</marc:subfield>
   </marc:datafield>
   <marc:datafield ind1="0" ind2="0" tag="245">
      <marc:subfield code="b">Lateinamerika - Afrika - Asien</marc:subfield>
   </marc:datafield>
   <marc:datafield ind1="0" ind2="0" tag="245">
      <marc:subfield code="c">Franz Weber/Ottmar Fuchs</marc:subfield>
   </marc:datafield>
   <marc:datafield ind1=" " ind2="1" tag="264">
      <marc:subfield code="a">Ostfildern</marc:subfield>
      <marc:subfield code="b">Matthias-Grünewald-Verl.</marc:subfield>
      <marc:subfield code="c">2007</marc:subfield>
   </marc:datafield>
   <marc:datafield ind1="1" ind2=" " tag="490">
      <marc:subfield code="a">Kommunikative Theologie</marc:subfield>
      <marc:subfield code="v">Bd. 9</marc:subfield>
   </marc:datafield>
   <marc:datafield ind1="1" ind2=" " tag="520">
      <marc:subfield code="a">Angaben aus der Verlagsmeldung

Gemeindetheologie interkulturell : Lateinamerika- Afrika- Asien / von Franz Weber, Ottmar Fuchs

Pfarrverbände, Seelsorgeeinheiten, Zentralpfarreien … – die traditionellen »Pfarrgemeinden«
fühlen sich vielerorts in ihrer Existenz bedroht. Der Trend zu pastoralen Megaräumen könnte
zahlreichen kleinen Gemeinden das Leben und Gläubige ihre Beheimatung in der Kirche kosten.

Die Kirche Lateinamerikas, Afrikas und Asiens dagegen hat in sogenannten »Kirchlichen Basisgemeinden
« oder »Kleinen Christlichen Gemeinden« eine entgegengesetzte Entwicklung
genommen. Diese kreative Umsetzung der Volk-Gottes- und Communio-Theologie des Zweiten
Vatikanums stellt auch für die Pastoral im deutschsprachigen Raum eine Herausforderung dar.

Das Buch ist das Ergebnis langjähriger Forschungsarbeit und Frucht erlebter Begegnung mit
dieser neuen Art von Kirche: Ein gemeindetheologisches Lehr- und Lesebuch und eine Art
Pilgerbuch, das zum Aufbruch aus der eigenen Kirchenwirklichkeit in die Weltkirche einlädt und
Mut macht, darüber nachzudenken, wie Gemeinden in Zukunft zum Leben kommen und am
Leben bleiben.
</marc:subfield>
   </marc:datafield>
   <marc:datafield ind1=" " ind2=" " tag="020">
      <marc:subfield code="a">9783786726814</marc:subfield>
      <marc:subfield code="9">9783786726814</marc:subfield>
   </marc:datafield>
   <marc:datafield ind1=" " ind2=" " tag="020">
      <marc:subfield code="a">3786726817</marc:subfield>
      <marc:subfield code="9">3786726817</marc:subfield>
   </marc:datafield>
   <marc:datafield ind1=" " ind2=" " tag="041">
      <marc:subfield code="a">ger</marc:subfield>
   </marc:datafield>
   <marc:datafield ind1=" " ind2=" " tag="300">
      <marc:subfield code="a">335 S.</marc:subfield>
   </marc:datafield>
</marc:record>
